000 00431cam a22001217a 4500
008 180718b1993 xxu||||| |||| 00| 0 eng d
082 _aT19 L481
245 _aThe least developed countries 1992 : report
_cby United Nations COnference of Trade and Development, U.S.A
260 _aNew York
_bUnited Nations
_c1993
300 _avii,128p.
650 _aDevelopment
700 _aU.S.A. United Nations COnference of Trade and Development
999 _c435547
_d435547